000 00956cam a2200229 4500
001 WS110495
008 000000n 000 0 eng u
035 _a(Sirsi) u110495
110 _aAppraisal Foundation
_93533
245 _aAppraisal Foundation
520 _aSite for this not-for-profit organisation 'dedicated to the advancement of professional valuation'. Includes links to the Appraiser Qualifications Board, the Appraisal Standards Board and the Real Property Appraisal Body of Knowledge, an outline of the concepts and theories used in appraisal.
650 _aUNITED STATES
650 _aINTERNATIONAL
650 _aREGULATION
650 _aSTANDARDS
650 _aANTIQUES AND FINE ART
650 _aREAL PROPERTY
650 _aQUALIFICATIONS
690 _aPROPERTY-PROPERTY APPRAISAL AND VALUATION
856 4 0 _uhttps://www.appraisalfoundation.org
_zView the website free of charge at www.appraisalfoundation.org...
942 _n0
999 _c119759
_d119759